=LDR 00000nam 2200000 4500 =001 INLIS000000000044180 =005 20131008105235 =008 ***********************************Ind** =035 ##$$0010-101300000002102 =041 ##$$a Ind =082 ##$$a 340.115 =090 ##$$a 340.115, Sal, b =100 ##$$a Salman,Otji R =245 ##$$a Beberapa aspek sosiologi hukum, R.Otji Salman =260 ##$$a 1993 $b Bandung =300 ##$$a ix,96hlm., 21 cm =650 ##$$a Sosiologi Hukum =850 ##$$a NBPNMAT